| 000 | 01233nam a2200301 a 4500 | ||
|---|---|---|---|
| 001 | ebr10661270 | ||
| 003 | CaPaEBR | ||
| 006 | m u | ||
| 007 | cr cn||||||||| | ||
| 008 | 130304s2012 ne a sbm 000 0 eng d | ||
| 020 | _z9789087281762 | ||
| 020 | _z9789400601154 (e-book) | ||
| 040 |
_aCaPaEBR _cCaPaEBR |
||
| 035 | _a(OCoLC)834550214 | ||
| 050 | 1 | 4 |
_aHF5549.5.P35 _bR33 2012eb |
| 100 | 1 | _aRachan, Wilfred. | |
| 245 | 1 | 4 |
_aThe effects of collaborative supply chain solutions on strategic performance management _h[electronic resource] / _cdoor Wilfred Rachan. |
| 260 |
_a[Amsterdam?] : _bLeiden University Press, _c2012. |
||
| 300 |
_a241 p. : _bill. |
||
| 502 | _aProefschrift (Thesis)--Universiteit Leiden, 2012. | ||
| 504 | _aIncludes bibliographical references. | ||
| 533 |
_aElectronic reproduction. _bPalo Alto, Calif. : _cebrary, _d2013. _nAvailable via World Wide Web. _nAccess may be limited to ebrary affiliated libraries. |
||
| 650 | 0 |
_aPerformance _xManagement. |
|
| 650 | 0 | _aBusiness logistics. | |
| 655 | 7 |
_aElectronic books. _2local |
|
| 710 | 2 | _aebrary, Inc. | |
| 856 | 4 | 0 |
_uhttp://site.ebrary.com/lib/rucke/Doc?id=10661270 _zAn electronic book accessible through the World Wide Web; click to view |
| 999 |
_c65469 _d65469 |
||